Statistiques concernant Physique générale

Cliquez ici pour prendre le quiz!

Statistiques générales

  • Ce quiz a été pris 1 205 fois
  • Le résultat moyen est 5 sur 15

Statistiques - réponses

QuestionRéponse% Correct
La loi d'ohm est (U: la tension, I: le courant, R: la résistance):U/R=I
75%
Un système est dit isolé siLe système ne subit aucune force
57%
Que représente le vecteur de Poynting?Il représente le flux d'énergie qui traverse une surface orientée
42%
Les transferts thermiques sontirréversibles
39%
Quel est le spectre visible par l'Homme?0,4 micromètre - 0.8 micromètre
36%
Un fluide est imcompressible si:Le coefficient de compressibilité isentropique est nul
35%
Le moment cinétique estpeut dépendre du point auquel il est calculé
35%
Que vaut la constante de Boltzmann (kb)kb=R/Na kb=1,38064852 × 10^(-23) USI avec Na: nombre d'Avogadro
34%
Une fonction de transfert représente:La variable de sortie divisée par la variable d'entrée
34%
Une force est conservative siElle dérive d'une énergie potentielle
33%
L'équation d'état des gaz parfait estPM=ρRT M: masse molaire ρ: masse volumique
30%
Quelle grandeur est continue (dans le temps) dans un condensateur?La charge
28%
Le débit volumique est homogène a :une vitesse multipliée une surface
20%
Quel l'ordre de grandeur du libre parcours moyen d'un gaz à pression ambiante?nm
17%
La résistance hydraulique varie en fonction du rayon de la canalisation. Comment varie -t-ele en fonction du rayon?Aucune de ces réponses
7%

Distribution des résultats

Percentile par nombre de réponses

% des personnes avec chaque résultat

Votre développement - résultats

Vous n’avez pas pris ce quiz